000
00272nam a2200121 a 4500
008
101026s1980|||| d
100
1
_a
Modiano, Patrick
245
1
0
_a
Vila Triste
260
_b
Tatran
_a
Bratislava
_c
1980
020
_c
15
041
_a
slo
044
_a
xo
_c
SK
999
_c
12274
_d
12274